Statistiques concernant Histoires à reconstituer #3

Cliquez ici pour prendre le quiz!

Statistiques générales

  • Ce quiz a été pris 245 fois
    (208 depuis la dernière actualisation)
  • Le résultat moyen est 17 sur 20

Statistiques - réponses

HintRéponse% Correct
Nous sommes le 24 décembre ! C'est la veilleDe noël
99%
Ce soir, nous allons ouvrir la dernière case de notreCalendrier de l'avent
98%
Nous sommes déja le matin ! Cette nuit, j'aiRêvé
94%
Ça y est, c'est l'heure d'allerSe coucher
94%
Pour l'occasion, nous faisons rotirUne dinde
94%
Oh, pile ce que j'aiCommandé
93%
Avec bien surDes marrons chauds
93%
J'espère que ce quiz vous aPlu
93%
Q'aurons-nous comme ______ dedans ?Chocolat
92%
Et à bientôt pour une autreHistoire
92%
Il sera gros, c'est sûr, puisque c'estLe dernier
92%
Oh oui, il y aDes cadeaux
91%
Ma petite voiture etSa télécommande
91%
J'ai rêvé du père noël surSon traineau
89%
Qu'y a t-il sousLe sapin
88%
C'est l'heureDu diner
75%
EtSes rennes
74%
Il y avait même rudolphe etSon nez rouge
73%
Miam, que c'est bon ! Oh, mon chocolat est _______ avec sa hotte !Un père noël
64%
AvecSa hotte
24%

Distribution des résultats

Percentile par nombre de réponses

% des personnes avec chaque résultat

Votre développement - résultats

Vous n’avez pas pris ce quiz depuis la dernière actualisation